000 00250 a2200085 4500
100 1 _aSonin, V.K..
_eAutor
245 0 _aCifrovyj vol'tmetr na tranzistorach /
_cSonin V.K..
710 2 _aEnergija.
_eWydawca
_4pbl
260 _aMoskva :
_bEnergija,
_c1971.
300 _a38 s.;
_c24 cm.
999 _c12387
_d12387